000 01032cam a2200265 a 4500
001 000016174
005 20200929164315.0
008 920309s1965 pr b 001 0 spa d
040 _aDO-SdBNP
_bspa
_cDLC
_dBNPHU
082 _a301.097295
_bF363i, 1965
100 1 _aFernández Méndez, Eugenio
_d1924-1994
_928192
245 1 3 _aLa identidad y la cultura :
_bcríticas y valoraciones en torno a la historia social de Puerto Rico /
_cEugenio Fernández Méndez.
250 _a2a ed. rev. y aum.
260 _aSan Juan, (Puerto Rico) :
_bInstituto de Cultura Puertorriqueña,
_c1965.
300 _a249 p. ;
_c19 cm.
490 1 _aBiblioteca popular
_v4
504 _aIncluye referencias bibliográficas
504 _aIncluye notas al pie de las páginas.
650 4 _aIdentidad cultural
_zPuerto Rico
_928193
651 4 _aPuerto Rico
_xNacionalismo Y Cultura
_936194
651 4 _aPuerto Rico
_xCondiciones Sociales
_912600
830 0 _aBiblioteca popular ;
_v4
_95059
910 _aCatalogación por copia / LC
049 _aBNGR
999 _c15714
_d15714